000 00583nam a2200217Ia 4500
003 OSt
005 20220918231529.0
006 a|||||r|||| 00| 0
007 ta
008 220917b |||||||| |||| 00| 0 eng d
024 _a304,426
037 _cTextual
040 _aARTS
_cARTS
_beng
041 _2eng
_aeng
082 _aa14:31591, K3.1-.3-.4
100 _aKeshaban B.S.
_9154941
245 0 _aJatiya grantha suchi
_bOrcyabibag Jaunary-June 1963
260 _c1963
942 _ha14:31591, K3.1-.3-.4
_cTEXL
_2CC
999 _c291558
_d291558